Largest Cities in Afghanistan - Statistics

General Stats
  • This quiz has been taken 33 times
  • The average score is 6 of 19
Answer Stats
Population City % Correct
3,590,000 Kabul
100%
492,000 Kandahar
83%
436,000 Herat
76%
207,000 Jalalabad
62%
368,000 Mazar-i-Sharif
62%
158,000 Ghazni
38%
305,000 Kunduz
38%
204,000 Puli Khumri
28%
108,000 Farah
17%
134,000 Khost
14%
100,000 Lashkar Gah
10%
151,000 Sar-e-Pol
10%
162,000 Sheberghan
10%
219,000 Taloqan
10%
171,000 Charikar
7%
126,000 Mihtarlam
7%
132,000 Chagcharan
3%
103,000 Puli Alam
0%
101,000 Samangan
0%
No matching quizzes found
Score Distribution
Percent of People with Each Score
Percentile by Number Answered
Your Score History
You have not taken this quiz